[Event "Wch U10"]
[Site "Batumi"]
[Date "2022.09.26"]
[Round "10"]
[White "Tuvshintulga, Tumurchudur"]
[Black "Kleschevnikov, Arseny"]
[Result "1-0"]
[WhiteElo "1364"]
[BlackElo "1809"]
[PlyCount "81"]
[EventDate "2022.09.16"]
[EventType "swiss"]
[EventRounds "11"]
[EventCountry "GEO"]
[SourceTitle "EXT 2023"]
[Source "ChessBase"]
[SourceDate "2022.10.05"]
[SourceVersion "1"]
[SourceVersionDate "2022.10.05"]
[SourceQuality "1"]

1. d4 Nf6 2. Bf4 d5 3. e3 c5 4. c3 Nc6 5. Nd2 Bf5 6. Ngf3 e6 7. Qb3 Qb6 8. Qxb6 axb6 9. Bb5 Nd7 10. Ne5 Ndxe5 11. Bxe5 Kd8 12. Bg3 Ra5 13. a4 Kd7 14. f3 Bd6 15. e4 Bg6 16. Bxd6 Kxd6 17. e5+ Kc7 18. Nb3 Ra7 19. dxc5 Nxe5 20. cxb6+ Kxb6 21. Nd4 Rc8 22. b4 Raa8 23. a5+ Kc7 24. 0-0-0 Kd6 25. Kb2 Nc4+ 26. Bxc4 Rxc4 27. Ra1 e5 28. Nb5+ Ke6 29. Kb3 f6 30. Rhe1 Bf7 31. f4 Rxf4 32. Nc7+ Kd7 33. Nxa8 d4+ 34. c4 Rf2 35. b5 Rxg2 36. a6 bxa6 37. bxa6 Rxh2 38. a7 Rh3+ 39. Kb4 Kc6 40. Nb6 Kxb6 41. a8Q 1-0

[Event "Wch U10"]
[Site "Batumi"]
[Date "2022.09.24"]
[Round "8"]
[White "Kleschevnikov, Arseny"]
[Black "Guo, Ethan"]
[Result "1/2-1/2"]
[WhiteElo "1809"]
[BlackElo "1917"]
[PlyCount "164"]
[EventDate "2022.09.16"]
[EventType "swiss"]
[EventRounds "11"]
[EventCountry "GEO"]
[SourceTitle "EXT 2023"]
[Source "ChessBase"]
[SourceDate "2022.10.05"]
[SourceVersion "1"]
[SourceVersionDate "2022.10.05"]
[SourceQuality "1"]

1. Nf3 d5 2. e3 Nf6 3. c4 c6 4. Nc3 e6 5. b3 Bd6 6. Bb2 Nbd7 7. Be2 0-0 8. 0-0 e5 9. cxd5 Nxd5 10. d3 Nxc3 11. Bxc3 Qe7 12. Bb2 a5 13. Nd2 Rd8 14. Qc2 Ba3 15. Nc4 Bxb2 16. Qxb2 b5 17. Nd2 Nc5 18. Qc2 Bf5 19. Ne4 Nxe4 20. dxe4 Bd7 21. Rac1 Rac8 22. Rfd1 f6 23. h3 Be6 24. Rxd8+ Rxd8 25. Bg4 Bxg4 26. hxg4 Rd6 27. Rd1 Qd7 28. Rxd6 Qxd6 29. a4 Qd7 30. axb5 cxb5 31. Qc3 a4 32. bxa4 bxa4 33. Qc4+ Kf8 34. Qb4+ Kf7 35. f3 Qa7 36. Qa3 Qa6 37. Kf2 Qc4 38. Qd6 h6 39. Ke1 Kg8 40. Qa3 Qc2 41. Qe7 Qc3+ 42. Kf2 a3 43. g5 fxg5 44. Qe6+ Kh8 45. Qe8+ Kh7 46. Qf8 Qc2+ 47. Kg3 a2 48. Qf5+ Kg8 49. Qe6+ Kh8 50. Qe8+ Kh7 51. Qxe5 Qc8 52. Qa5 Qb8+ 53. Kh3 Qc8+ 54. Kg3 Qe6 55. Kf2 g4 56. Kg3 gxf3 57. gxf3 Qd6+ 58. Kh3 Qd7+ 59. Kg3 Qe6 60. Kg2 Qg6+ 61. Kh3 Qf7 62. Kg3 Qg6+ 63. Kh3 Qf6 64. Qxa2 Qxf3+ 65. Kh2 Qxe4 66. Qf2 h5 67. Qg3 Qc2+ 68. Kh3 Qe2 69. Kh4 Qc4+ 70. Kxh5 Qe4 71. Kg5 Qg6+ 72. Kf4 Qh6+ 73. Kf3 Qf6+ 74. Kg2 Qc6+ 75. Qf3 Qc2+ 76. Qf2 Qg6+ 77. Qg3 Qe4+ 78. Qf3 Qc4 79. Qh5+ Kg8 80. Qe8+ Kh7 81. Qh5+ Kg8 82. Qe8+ Kh7 1/2-1/2

[Event "Wch U10"]
[Site "Batumi"]
[Date "2022.09.20"]
[Round "5"]
[White "Kleschevnikov, Arseny"]
[Black "Zawal, Krzysztof"]
[Result "1-0"]
[WhiteElo "1809"]
[BlackElo "1396"]
[PlyCount "55"]
[EventDate "2022.09.16"]
[EventType "swiss"]
[EventRounds "11"]
[EventCountry "GEO"]
[SourceTitle "EXT 2023"]
[Source "ChessBase"]
[SourceDate "2022.10.05"]
[SourceVersion "1"]
[SourceVersionDate "2022.10.05"]
[SourceQuality "1"]

1. d4 Nf6 2. c4 e6 3. Nf3 b6 4. a3 Bb7 5. Nc3 d5 6. cxd5 Nxd5 7. Qc2 Nxc3 8. bxc3 Be7 9. e4 0-0 10. Bd3 c5 11. 0-0 Qc7 12. Qe2 Nd7 13. Bb2 Rac8 14. Rfd1 c4 15. Bc2 b5 16. Bc1 Rfd8 17. h4 a5 18. Rb1 Ba6 19. e5 Rb8 20. Ng5 Nf8 21. Qh5 Bxg5 22. Bxg5 Rd7 23. Qg4 Kh8 24. h5 h6 25. Bf6 gxf6 26. exf6 Ng6 27. hxg6 fxg6 28. Bxg6 1-0

[Event "Wch U10"]
[Site "Batumi"]
[Date "2022.09.19"]
[Round "4"]
[White "Huseynov, Ahmed"]
[Black "Kleschevnikov, Arseny"]
[Result "1/2-1/2"]
[WhiteElo "1328"]
[BlackElo "1809"]
[PlyCount "74"]
[EventDate "2022.09.16"]
[EventType "swiss"]
[EventRounds "11"]
[EventCountry "GEO"]
[SourceTitle "EXT 2023"]
[Source "ChessBase"]
[SourceDate "2022.10.05"]
[SourceVersion "1"]
[SourceVersionDate "2022.10.05"]
[SourceQuality "1"]

1. Nf3 Nf6 2. g3 d5 3. Bg2 c6 4. 0-0 Bf5 5. d4 e6 6. c4 dxc4 7. Ne5 Be4 8. f3 Bxb1 9. Rxb1 Be7 10. Nxc4 c5 11. dxc5 Bxc5+ 12. Kh1 Nc6 13. e4 b5 14. Ne3 Qb6 15. Qe1 a5 16. f4 0-0 17. e5 Nd7 18. Qe2 Rac8 19. Nc2 Rfd8 20. b3 Nd4 21. Nxd4 Bxd4 22. Bb2 Bxb2 23. Rxb2 Qc5 24. Be4 Nb6 25. Rc2 Qd4 26. Rxc8 Nxc8 27. Rc1 Ne7 28. Qc2 g6 29. Qe2 Nf5 30. Bxf5 exf5 31. Rc2 a4 32. bxa4 bxa4 33. Kg2 a3 34. Qf3 Qb4 35. Qe2 Qd4 36. Qf3 Rb8 37. Kh3 Qb4 1/2-1/2

[Event "EU-ch Hybrid U08"]
[Site "Tornelo INT"]
[Date "2021.10.15"]
[Round "9"]
[White "Yardak, Murat Kutay"]
[Black "Kleschevnikov, Arseny"]
[Result "0-1"]
[WhiteElo "1624"]
[BlackElo "1218"]
[PlyCount "122"]
[EventDate "2021.10.15"]
[EventType "swiss"]
[EventRounds "9"]
[EventCountry "NET"]
[SourceTitle "EXT 2023"]
[Source "ChessBase"]
[SourceDate "2022.10.05"]
[SourceVersion "1"]
[SourceVersionDate "2022.10.05"]
[SourceQuality "1"]
[WhiteTeam "Turkey"]
[BlackTeam "Russia"]
[WhiteTeamCountry "TUR"]
[BlackTeamCountry "RUS"]

1. e4 e6 2. d4 d5 3. Nc3 Nf6 4. e5 Nfd7 5. f4 c5 6. Nf3 Nc6 7. Be3 a6 8. Qd2 Be7 9. 0-0-0 b5 10. Qf2 b4 11. Na4 Qa5 12. b3 c4 13. Kb1 Na7 14. Bc1 Nb5 15. Qe1 Nb6 16. Nxb6 Nc3+ 17. Qxc3 bxc3 18. Nxa8 Bb7 19. Ka1 Bxa8 20. Ne1 Kd7 21. bxc4 Rb8 22. Nd3 dxc4 23. Nc5+ Bxc5 24. dxc5+ Ke7 25. Bxc4 Bd5 26. Bxd5 exd5 27. Rd4 Ke6 28. f5+ Kxe5 29. Rhd1 Kf6 30. g4 Qxc5 31. g5+ Ke7 32. Ra4 Rb1+ 33. Kxb1 Qb5+ 34. Ka1 Qxa4 35. Rxd5 Qe4 36. Rd3 Qxf5 37. Rxc3 Qe5 38. Kb2 Qxh2 39. Kb1 f6 40. gxf6+ gxf6 41. Rb3 h5 42. Rb7+ Kd8 43. Rb4 h4 44. Rd4+ Ke8 45. Rb4 h3 46. Bf4 Qg1+ 47. Kb2 h2 48. Bxh2 Qxh2 49. Kb3 f5 50. Rb6 Qe2 51. c4 f4 52. c5 f3 53. Rb8+ Kd7 54. Rf8 f2 55. Rf7+ Ke8 56. Rf5 f1Q 57. Rxf1 Qxf1 58. a4 Kd7 59. Kb4 Qe1+ 60. Kc4 Kc6 61. Kd4 Qb4+ 0-1